[Event "Calvia Amateur op 16th"]
[Site "Calvia"]
[Date "2019.10.07"]
[Round "3"]
[White "Jekabsons, Ivars"]
[Black "Avotins, Maigonis"]
[Result "1/2-1/2"]
[WhiteElo "2119"]
[BlackElo "1944"]
[PlyCount "22"]
[EventDate "2019.10.05"]
[EventType "swiss"]
[EventRounds "9"]
[EventCountry "ESP"]
[SourceTitle "CBM 192 Extra"]
[Source "Chessbase"]
[SourceDate "2019.11.06"]
[SourceVersion "1"]
[SourceVersionDate "2019.11.06"]
[SourceQuality "1"]

1. e4 e5 2. Nf3 Nc6 3. Nc3 Nf6 4. Bc4 Bc5 5. 0-0 0-0 6. d3 h6 7. h3 d6 8. Re1 Re8 9. a4 a5 10. Be3 Bxe3 11. Rxe3 Be6 1/2-1/2